Co Kupujemy przed rozpoczęciem roku szkolnego - Statystyki

Ogólne statystyki
  • Ten quiz został rozwiązany 460 razy
    382 od ostatniego zresetowania
  • Średni wynik to 6 z 11
Statystyki odpowiedzi
Odpowiedzi % Poprawnych
Długopis
94%
Plecak
90%
Zeszyty
89%
Piórnik
87%
Ołówek
77%
Książki
76%
Gumkę
33%
Cyrkiel
32%
Linijkę
28%
Strój na WF
20%
Ekierkę
18%
Nie znaleziono quizów pasujących do podanych kryteriów
Rozkład punktacji
Procent ludzi z każdym wynikiem
Percentyl według liczby udzielonych odpowiedzi
Twoja historia wyników
Nie rozwiązałeś tego quizu od ostatniego zresetowania